00982nam a2200193 a 4500008004100000050002200041110004700063245018900110260003700299300000900336350000900345500010000354650001300454650003000467650005700497995009300554999001700647952012400664090115s1983 ||||||||||||||||| || u aGOV.ZAM(02)1983/1 aGovernment of the Republic of Zambia (GRZ)10aTreasury minute on the report of the Public Accounts Committee for the Fifth Session of the Fourth National AssemblycAppointed by Motion of the National Assembly on 19th January, 1983 aLusakabGovernment Printerc1983 a42p. a0.00 aREF.: Auditor-General's Report on the Accounts for the Financial Year ended 31st December, 1981 aAUDITING aAUDITORS' REPORTS--ZAMBIA aGOVERNMENT OF THE REPUBLIC OF ZAMBIA (GRZ)--AUDITING D0.00FCBU-MAIN LIBRARY (Kitwe)H1I0.00M1UAVAILABLEWJan 15, 2009ZZambiana Collection c60392d60392 00102lcc4070a001b001cZambiana Collectiond2022-11-30l0oGOV.ZAM(02)1983/1p03003430r2022-11-30w2022-11-30y002